Писатели-декабристы в воспоминаниях современников (Запис № 407544)

МАРК-запис
000 -Лідер
fixed length control field 00833nam a22002537a 4500
001 - Контрольний номер
control field 121739
003 - Ідентифікатор контрольного номера
control field UA-OsUOA
005 - Дата та час останнього входження (трансакції)
control field 20220417145448.0
007 - Фіксоване поле фізичного опису
fixed length control field ta
008 - Елементи даних фіксованої довжини – загальна інформація
fixed length control field 20170328b un ||||| |||| 00| 0 ukr d
040 ## - Джерело каталогізації
Агенція оригінальної каталогізації UA-OsUOA
Мова каталогізації rus
Агенція, яка здійснювала перезапис UA-OsUOA
Агенція, яка здійснювала модифікацію UA-OsUOA
041 ## - Код мови
Код мови тексту/ звукової доріжки чи окремого заголовка (П) rus
080 ## - Індекс Універсальної десяткової класифікації
Індекс Універсальної десяткової класифікації (УДК) (НП) 821.161.1
090 ## - Локальний шифр розміщення
Класифікаційний індекс УДК 821.161.1
Авторський знак (НП) П34
245 ## - Відомості про назву
Назва (НП) Писатели-декабристы в воспоминаниях современников
Решта назви (НП) в 2-х т.
Дані про відповідальність (НП) под общ. ред. : В. Э. Вацуро, Я. Л. Левкович
260 ## - Публікація, розповсюдження і т.п. (Вихідні дані)
Місце публікації, розповсюдження і т.п. (П) М.
Ім’я/ наймення видавництва, розповсюджувача і т.п. (П) Худож. лит.
Дата публікації, розповсюдження і т.п. (П) 1980
300 ## - Фізичний опис
Обсяг 476 с.
505 ## - Форматована примітка про зміст
Змішана інформація Т. 1
591 ## - Дарувальник
Назва організації Дімаров А.
650 #7 - Додаткове предметне введення – тематичний термін
Тематичний термін чи географічна назва, як елемент введення (НП) 82 Література. Літературознавство
Джерело заголовка чи терміна UDC
942 ## - Додаткові елементи входу (Коха)
Тип елемента Koha Книги
Source of classification or shelving scheme Universal Decimal Classification
955 ## - Код типу видання за змістом
Код типу видання за змістом (НП) Літературно-художні видання
Фонди
Стан вилучень Стан втрат Джерело класифікації або схеми стелажів Стан уражень Не для кредиту Постійне місце розташування Поточне розміщення Дата придбання Джерело придбання Вартість, звичайна ціна покупки Послідовне перерахування / хронологія Інвентарний номер Повний номер виклику Штрих-код Дата останнього перегляду Ціна ефективна від Тип елемента Koha
    Universal Decimal Classification     АБ - Абонемент НБ АБ - Абонемент НБ 28/03/2017 14/2017 20.00 Т. 1 153348 821.161.1 П34 153348 02/05/2022 28/03/2017 Книги